000 01398cam a2200325Ia 4500
999 _c6830
_d6830
001 44096
003 GBCCL
005 20241126110612.0
008 810330r19801994enkabej bd 001 0 eng d
010 _a 79092540
020 _z0842375752 (Tyndale House : set)
020 _a0842315667 (Tyndale House : v. 1)
020 _a0842315675 (Tyndale House : v. 2)
020 _a0842315683 (Tyndale House : v. 3)
035 _a(OCoLC)07285769
040 _aBCT
_cBCT
_dOCL
_dIWP
_dOCL
_dPIT
049 _aLBBQ
_v1-3
_aLBBN
_v1-3
_aLBBK
_v1-3
082 1 _a220.3
_bILL
245 0 4 _aThe Illustrated Bible dictionary /
_corganizing editor of The new Bible dictionary, J.D. Douglas ; revision editor, N. Hillyer.
260 _aLeicester, England :
_bInter-Varsity Press ;
_aWheaton, Ill. :
_bTyndale House,
_c1980, 1994
300 _a3 v. (xvi, 1726 p.) :
_bill. (some col.), geneal. tables, maps, plans ;
_c29 cm.
500 _a"Based on the text of The new Bible dictionary, first published in 1962 ... New articles have been added. A large number have been completely rewritten."--Pref.
504 _aIncludes bibliographies and index.
505 0 _aPt. 1. Aaron-Golan -- Pt. 2. Goliath-Papyri -- Pt. 3. Parable-Zuzim.
630 0 0 _aBible
_xDictionaries.
_9510
700 1 _aDouglas, J. D.
_q(James Dixon)
_91352
700 1 _aHillyer, N.
_912231
740 0 _aNew Bible dictionary.
942 _2ddc
_cREF